[Event "GER-ch 2012-D-V1 serv"]
[Site "GER email"]
[Date "2013.??.??"]
[Round "?"]
[White "Lelgemann, Ludwig"]
[Black "Mager, Friedhelm"]
[Result "1-0"]
[WhiteElo "2005"]
[BlackElo "2103"]
[PlyCount "66"]
[EventDate "2012.08.13"]
[EventType "tourn (corr)"]
[EventRounds "6"]
[EventCountry "GER"]
[SourceTitle "Corr 2015"]
[Source "ChessBase"]
[SourceDate "2015.07.17"]
[SourceVersion "1"]
[SourceVersionDate "2015.07.17"]
[SourceQuality "1"]

1. d4 d5 2. c4 e6 3. Nc3 Nf6 4. Nf3 Be7 5. Bg5 0-0 6. e3 h6 7. Bh4 b6 8. Bd3 Bb7 9. 0-0 Nbd7 10. cxd5 Nxd5 11. Nxd5 Bxd5 12. Bg3 Nf6 13. Qe2 Nh5 14. Be5 f6 15. Bxc7 Qxc7 16. Nh4 Bd6 17. Qxh5 Bxh2+ 18. Kh1 Bd6 19. e4 Bb7 20. Qg6 Bf4 21. e5 fxe5 22. Qh7+ Kf7 23. Rae1 Qd8 24. Bg6+ Ke7 25. dxe5 Kd7 26. Rd1+ Bd5 27. Nf3 Qe7 28. Be4 Rac8 29. Bxd5 exd5 30. Rxd5+ Kc7 31. Rfd1 Kb8 32. Qe4 Qb7 33. e6 g5 1-0

[Event "GER-ch65 email"]
[Site "GER email"]
[Date "2012.11.27"]
[Round "?"]
[White "Mager, Friedhelm"]
[Black "Noeth, Dieter"]
[Result "0-1"]
[WhiteElo "2084"]
[BlackElo "2146"]
[PlyCount "146"]
[EventDate "2012.12.01"]
[EventType "tourn (corr)"]
[EventRounds "14"]
[EventCountry "GER"]
[SourceTitle "Corr 2015"]
[Source "ChessBase"]
[SourceDate "2015.07.17"]
[SourceVersion "1"]
[SourceVersionDate "2015.07.17"]
[SourceQuality "1"]

1. e4 c5 2. Nf3 d6 3. Nc3 Nf6 4. d4 cxd4 5. Nxd4 a6 6. Bg5 e6 7. Qf3 h6 8. Be3 Nbd7 9. 0-0-0 Qc7 10. Qg3 b5 11. a3 Bb7 12. f3 Rc8 13. Bd3 Ne5 14. Be2 Be7 15. Kb1 Nh5 16. Qh3 Nf6 17. g4 Ng6 18. Rhf1 Qd7 19. Rg1 Rxc3 20. bxc3 Qc7 21. Bd2 Nd7 22. f4 Nh4 23. Be1 Ng6 24. Rf1 Bxe4 25. f5 exf5 26. gxf5 Nge5 27. Rg1 Rg8 28. Bh4 Nf6 29. Bxf6 Bxf6 30. Qe3 Ba8 31. Nf3 Bxf3 32. Bxf3 Ke7 33. Bd5 Rc8 34. Rg3 Kf8 35. Qd2 Nd7 36. Bb3 Be5 37. Rh3 Qc6 38. Rg1 Rc7 39. Re3 Nf6 40. Qg2 Qxg2 41. Rxg2 Bxc3 42. h3 Bd4 43. Rd3 Be5 44. Re3 Nd7 45. Rg4 a5 46. Rg2 Rc5 47. Rf3 Ke7 48. Re2 Kf6 49. Rd2 Nb6 50. c3 d5 51. Rc2 Ke7 52. Rd3 Kd6 53. Rf3 a4 54. Ba2 h5 55. Kc1 Kc6 56. Kd1 Nc8 57. Kc1 Nd6 58. Kb1 Ne4 59. Kb2 h4 60. Bb1 Kd6 61. Ba2 g5 62. fxg6 fxg6 63. Kc1 g5 64. Rd3 Bg3 65. Kb1 Nf2 66. Re3 Nxh3 67. Rce2 Nf4 68. Rd2 g4 69. Kb2 Rc8 70. Kc1 Rf8 71. Kc2 Rf5 72. c4 bxc4 73. Bxc4 Re5 0-1

[Event "GER-ch65 email"]
[Site "GER email"]
[Date "2012.11.27"]
[Round "?"]
[White "Mager, Friedhelm"]
[Black "Voetter, Hans Dieter"]
[Result "0-1"]
[WhiteElo "2084"]
[BlackElo "2169"]
[PlyCount "58"]
[EventDate "2012.12.01"]
[EventType "tourn (corr)"]
[EventRounds "14"]
[EventCountry "GER"]
[SourceTitle "Corr 2015"]
[Source "ChessBase"]
[SourceDate "2015.07.17"]
[SourceVersion "1"]
[SourceVersionDate "2015.07.17"]
[SourceQuality "1"]

1. d4 f5 2. Nf3 Nf6 3. g3 g6 4. Bg2 Bg7 5. 0-0 0-0 6. c4 d6 7. Nc3 Qe8 8. Be3 a5 9. Qb3 a4 10. Qa3 Na6 11. Rac1 Bd7 12. Rfd1 Bc6 13. h3 e6 14. Ng5 Bxg2 15. Kxg2 h6 16. Nf3 Ne4 17. Nxe4 fxe4 18. Nd2 d5 19. cxd5 exd5 20. b3 c5 21. Nb1 cxd4 22. Bxd4 Bxd4 23. Rxd4 Qe5 24. Rdd1 Rf7 25. Qxa4 Raf8 26. Rf1 Nc7 27. Qa5 h5 28. h4 g5 29. hxg5 Ne6 0-1

[Event "GER-ch65 email"]
[Site "GER email"]
[Date "2012.11.27"]
[Round "?"]
[White "Mueller, Horst"]
[Black "Mager, Friedhelm"]
[Result "1-0"]
[WhiteElo "2158"]
[BlackElo "2084"]
[PlyCount "75"]
[EventDate "2012.12.01"]
[EventType "tourn (corr)"]
[EventRounds "14"]
[EventCountry "GER"]
[SourceTitle "Corr 2015"]
[Source "ChessBase"]
[SourceDate "2015.07.17"]
[SourceVersion "1"]
[SourceVersionDate "2015.07.17"]
[SourceQuality "1"]

1. Nf3 d5 2. d4 Nf6 3. c4 e6 4. g3 dxc4 5. Bg2 Nc6 6. 0-0 Be7 7. Qa4 0-0 8. Qxc4 Qd5 9. Qa4 Bd7 10. Nc3 Qh5 11. Bf4 Rac8 12. Rac1 Rfd8 13. Rfd1 h6 14. Qb3 Na5 15. Qc2 g5 16. Be5 Nd5 17. Nd2 Nxc3 18. Qxc3 Nc6 19. Bf3 g4 20. Bg2 Bb4 21. Qb3 Bxd2 22. Rxd2 Nxe5 23. Rc5 Bc6 24. Bxc6 bxc6 25. Rxe5 Qxe5 26. dxe5 Rxd2 27. Qb4 Rcd8 28. Qxg4+ Kf8 29. Qf4 Rxb2 30. Qxh6+ Ke8 31. h4 Rd1+ 32. Kg2 Rxe2 33. h5 Rdd2 34. Qh8+ Ke7 35. Qf6+ Kf8 36. h6 Rxf2+ 37. Qxf2 Rxf2+ 38. Kxf2 1-0

[Event "GER-ch65 email"]
[Site "GER email"]
[Date "2012.11.27"]
[Round "?"]
[White "Roeckendorf, Paul Uwe"]
[Black "Mager, Friedhelm"]
[Result "1-0"]
[WhiteElo "2120"]
[BlackElo "2084"]
[PlyCount "99"]
[EventDate "2012.12.01"]
[EventType "tourn (corr)"]
[EventRounds "14"]
[EventCountry "GER"]
[SourceTitle "Corr 2015"]
[Source "ChessBase"]
[SourceDate "2015.07.17"]
[SourceVersion "1"]
[SourceVersionDate "2015.07.17"]
[SourceQuality "1"]

1. e4 e5 2. Nf3 Nc6 3. d4 exd4 4. Nxd4 Nf6 5. Nxc6 bxc6 6. e5 Qe7 7. Qe2 Nd5 8. c4 Ba6 9. b3 g6 10. f4 d6 11. Qf2 Nf6 12. Be2 dxe5 13. 0-0 Ne4 14. Qe1 Qc5+ 15. Kh1 Qd4 16. Bf3 Qxa1 17. Qxe4 Bb7 18. Qc2 Rd8 19. Bb2 Qxa2 20. Nc3 Qa5 21. Ne4 Bg7 22. Ra1 Qb4 23. Ba3 Qa5 24. b4 Qa6 25. Nc5 Qb6 26. Nxb7 0-0 27. Nxd8 Rxd8 28. c5 Qa6 29. Be2 Qc8 30. fxe5 Bxe5 31. Rf1 Kg7 32. Bb2 Re8 33. Bf3 Qd7 34. h3 f6 35. Rd1 Qe6 36. Bxe5 Qxe5 37. Bxc6 Re7 38. Qd2 h5 39. Qd4 Qe6 40. b5 Qf5 41. Kh2 h4 42. Kh1 Qh5 43. Rf1 Qg5 44. Bb7 Qe5 45. Qxh4 Rd7 46. Qf2 Rd4 47. Bc6 g5 48. Kg1 Kg6 49. Qc2+ Kg7 50. Qc3 1-0

[Event "GER-ch65 email"]
[Site "GER email"]
[Date "2012.11.27"]
[Round "?"]
[White "Stieger, Helmut G"]
[Black "Mager, Friedhelm"]
[Result "1-0"]
[WhiteElo "2162"]
[BlackElo "2060"]
[PlyCount "173"]
[EventDate "2012.12.01"]
[EventType "tourn (corr)"]
[EventRounds "14"]
[EventCountry "GER"]
[SourceTitle "Corr 2015"]
[Source "ChessBase"]
[SourceDate "2015.07.17"]
[SourceVersion "1"]
[SourceVersionDate "2015.07.17"]
[SourceQuality "1"]

1. d4 d5 2. c4 c6 3. Nf3 Nf6 4. Nc3 g6 5. Bf4 dxc4 6. e3 b5 7. a4 b4 8. Na2 Be6 9. Rc1 Qa5 10. Bxb8 Rxb8 11. Ne5 b3+ 12. Nc3 Qa6 13. Nb1 Bg7 14. Nd2 c5 15. Rxc4 0-0 16. Rxc5 Qxa4 17. Bc4 Nd7 18. Nxd7 Bxd7 19. 0-0 Qb4 20. Rc7 Ba4 21. Qc1 e5 22. d5 Qb6 23. Be2 Rbd8 24. e4 Bh6 25. Rd1 Bd7 26. Qc3 Rc8 27. Rxc8 Rxc8 28. Nc4 Qa6 29. h3 Qa4 30. Qd3 Bg7 31. Qe3 h5 32. Kh2 Rxc4 33. Bxc4 Qxc4 34. Rc1 Qd4 35. Rc7 Ba4 36. Rxa7 Bb5 37. Rb7 Bd3 38. Qf3 f6 39. d6 Qxd6 40. Qd1 Qd4 41. Qxb3+ Bc4 42. Qa4 Bf7 43. Qc2 Bh6 44. Qc8+ Kg7 45. Qd7 Bf4+ 46. Kg1 Qxd7 47. Rxd7 f5 48. exf5 gxf5 49. b4 e4 50. g3 Be5 51. b5 Kf6 52. b6 Be8 53. Rh7 Ke6 54. Rh6+ Kd5 55. h4 e3 56. fxe3 Bxg3 57. Rh8 Bc6 58. Rxh5 Kc5 59. Rxf5+ Kxb6 60. h5 Be4 61. Rf7 Kc6 62. Re7 Kd5 63. h6 Be5 64. h7 Bf6 65. Ra7 Bc3 66. Kf2 Ke6 67. Kg3 Bh8 68. Kf4 Bd3 69. e4 Kf6 70. Ra3 Bc4 71. Rg3 Bg7 72. e5+ Kf7 73. Ke4 Be6 74. Rg2 Bc4 75. Kd4 Be6 76. Rg1 Kf8 77. Rf1+ Bf7 78. Ke4 Ke7 79. Rg1 Kf8 80. Kf5 Bb3 81. Rc1 Bh8 82. Rc7 Ba2 83. Rc8+ Kg7 84. e6 Bb1+ 85. Kg5 Bd3 86. e7 Bb5 87. e8Q 1-0

[Event "GER-ch65 email"]
[Site "GER email"]
[Date "2012.11.27"]
[Round "?"]
[White "Werner, Juergen"]
[Black "Mager, Friedhelm"]
[Result "1-0"]
[WhiteElo "2221"]
[BlackElo "2084"]
[PlyCount "119"]
[EventDate "2012.12.01"]
[EventType "tourn (corr)"]
[EventRounds "14"]
[EventCountry "GER"]
[SourceTitle "Corr 2015"]
[Source "ChessBase"]
[SourceDate "2015.07.17"]
[SourceVersion "1"]
[SourceVersionDate "2015.07.17"]
[SourceQuality "1"]

1. Nf3 d5 2. d4 Nf6 3. c4 e6 4. Nc3 Nc6 5. Bg5 Be7 6. e3 0-0 7. Rc1 h6 8. Bh4 Ne4 9. Bxe7 Qxe7 10. Bd3 Nxc3 11. Rxc3 dxc4 12. Bxc4 e5 13. 0-0 Rd8 14. h3 a6 15. Bb3 Be6 16. Re1 Rac8 17. Rxc6 bxc6 18. Nxe5 Rd6 19. Qc2 Bxb3 20. axb3 Qe6 21. b4 Rb8 22. Qc3 Qd5 23. Ra1 Qb5 24. Nd3 Qb7 25. Qc4 Qb5 26. Qc2 Qb7 27. Ra5 Rd5 28. Ra4 Rd6 29. Ne5 Qb5 30. b3 Ra8 31. Qc4 Qxc4 32. bxc4 Re6 33. Ra5 f6 34. Nd3 Ree8 35. h4 g5 36. h5 Reb8 37. f3 Kf7 38. Kf2 Ke7 39. e4 Rd8 40. Ke3 Rdb8 41. Kd2 Rb7 42. Kc3 Rb6 43. Rc5 Rf8 44. Rf5 Rb7 45. f4 gxf4 46. Nxf4 Rf7 47. Ng6+ Ke8 48. Ra5 Ra7 49. Rc5 Rb7 50. g4 Ra7 51. Rxc6 a5 52. b5 a4 53. Kb2 Rd7 54. d5 a3+ 55. Ka2 Rf7 56. c5 Ra5 57. Re6+ Kd8 58. Ra6 Rxa6 59. bxa6 Kc8 60. Kxa3 1-0

[Event "GER-ch 2012-F-V2 serv"]
[Site "GER email"]
[Date "2012.??.??"]
[Round "?"]
[White "Bedbur, Heinz D"]
[Black "Mager, Friedhelm"]
[Result "0-1"]
[WhiteElo "1757"]
[BlackElo "2072"]
[PlyCount "46"]
[EventDate "2012.11.19"]
[EventType "tourn (corr)"]
[EventRounds "6"]
[EventCountry "GER"]
[SourceTitle "Corr 2015"]
[Source "ChessBase"]
[SourceDate "2015.07.17"]
[SourceVersion "1"]
[SourceVersionDate "2015.07.17"]
[SourceQuality "1"]

1. b4 e5 2. Bb2 Bxb4 3. Bxe5 Nf6 4. e3 Nc6 5. Bb2 0-0 6. c4 d5 7. Nf3 Be6 8. cxd5 Qxd5 9. Bxf6 gxf6 10. Nc3 Bxc3 11. dxc3 Qxd1+ 12. Rxd1 Bxa2 13. Rd7 Rfc8 14. Rd2 Be6 15. Be2 a5 16. 0-0 a4 17. Nd4 Rd8 18. Bf3 Ne5 19. Bxb7 Rab8 20. Bc6 Nxc6 21. Nxc6 Rxd2 22. Nxb8 c5 23. Nc6 Rb2 0-1

[Event "GER-ch 2012-F-V2 serv"]
[Site "GER email"]
[Date "2012.??.??"]
[Round "?"]
[White "Mehaux, Heiko"]
[Black "Mager, Friedhelm"]
[Result "1/2-1/2"]
[WhiteElo "2076"]
[BlackElo "2103"]
[PlyCount "53"]
[EventDate "2012.11.19"]
[EventType "tourn (corr)"]
[EventRounds "6"]
[EventCountry "GER"]
[SourceTitle "Corr 2015"]
[Source "ChessBase"]
[SourceDate "2015.07.17"]
[SourceVersion "1"]
[SourceVersionDate "2015.07.17"]
[SourceQuality "1"]

1. e4 c5 2. Nf3 d6 3. d4 cxd4 4. Nxd4 Nf6 5. Nc3 g6 6. Be3 Bg7 7. f3 0-0 8. Qd2 Nc6 9. 0-0-0 Nxd4 10. Bxd4 Be6 11. Kb1 Qc7 12. g4 Rfc8 13. h4 Qa5 14. Qg5 Qxg5 15. hxg5 Nd7 16. Bxg7 Kxg7 17. Rh4 Rc5 18. f4 Nb6 19. Be2 Rh8 20. Kc1 Bc4 21. Bxc4 Rxc4 22. f5 Rc5 23. Rf1 Re5 24. Rh3 f6 25. gxf6+ Kxf6 26. g5+ Kg7 27. Rh4 1/2-1/2